Представление документа в формате MARC21

Поле Инд. ПП Название Значение
Тип записи a
Библиографический уровень m
001 Контрольный номер 50b19e85-f3d3-4138-9dfa-361252c0dea3
005 Дата корректировки 20131112001604.3
008 Кодируемые данные 010515 d
020 a ISBN 5-225-00252-8
c Цена, тираж 3.00
040 a Служба первич. каталог. RU-RKP
040 a Служба первич. каталог. НБ ТвГУ
041 a Код языка текста rus
080 a Индекс УДК 613.89
084 a Индекс другой классификации/Индекс ББК Р702
090 x Авторский знак Х69
a Полочн. индекс Р702
100 1_ a Автор Ходаков Наум Моисеевич
245 00 a Заглавие Молодым супругам
c Ответственность Н. М. Ходаков
250 a Основные сведения об издании 7-е изд., стер.
260 0_ a Место издания Москва
b Издательство Медицина
c Дата издания 1991
300 a Объем 172,[2] с.
b Иллюстрации/ тип воспроизводства ил.
c Размеры 21 см
440 a Серия Науч.-попул. мед. лит.
650 a Основная рубрика Семья
y Хронологическая подрубрика 20 в.
z Географическая подрубрика СССР
650 a Основная рубрика Половая жизнь
650 a Основная рубрика Брак
653 a Ключевые слова Семья
a Ключевые слова Брак
a Ключевые слова Половая жизнь
a Ключевые слова Гигиена половой жизни
a Ключевые слова Сексология
852 t Порядковый номер экземпляра 1
p Инвентарный номер 622759
954 a Дата поступления на обработку 20010514
999 a Подразделение 2 Фил3